Normal view
MARC view
- MATHEMATICAL METHODS
Entry Topical Term
001 - CONTROL NUMBER
- control field: 56178
003 - CONTROL NUMBER IDENTIFIER
- control field: NUST
005 - DATE AND TIME OF LATEST TRANSACTION
- control field: 20210628201641.0
008 - FIXED-LENGTH DATA ELEMENTS
- fixed length control field: 210628|| aca||aabn | a|a d
040 ## - CATALOGING SOURCE
- Original cataloging agency: NUST
- Transcribing agency: NUST
150 ## - HEADING--TOPICAL TERM
- Topical term or geographic name entry element: MATHEMATICAL METHODS
670 ## - SOURCE DATA FOUND
- Source citation: Work cat.: (NUST): Polya, G 56177, How to solve it ,a new aspect of mathematical method, 2003
